Hamilton Lyrics Sort #5 - The Schuyler Sisters - Statistics

General Stats
  • This quiz has been taken 23 times
  • The average score is 34 of 78
Answer Stats
Hint Answer % Correct
Line 2 Than going downtown and slummin' it with the poor
94%
Line 1 There's nothing rich folks love more
94%
Line 5 Take Philip Schuyler, the man is loaded
88%
Line 8 Sneak into the city just to watch all the guys at-
81%
Line 7 That his daughters, Peggy, Angelica, Eliza
81%
Line 6 Uh-oh, but little does he know
81%
Line 11 And Peggy! (Work, work) [1]
75%
Line 4 At the students in the common just to watch 'em talk
75%
Line 3 They pull up in their carriages and gawk
75%
Line 9 (Work, work!) Angelica! [1]
75%
Line 10 (Work, work!) Eliza! [1]
75%
Line 13 Angelica! Peggy! Eliza! (Work)
69%
Line 18 But look around, look around
63%
Line 15 Daddy doesn't need to know
63%
Line 16 Daddy said not to go downtown
63%
Line 14 Daddy said to be home by sundown
63%
Line 17 Like I said, you're free to go
63%
Line 40 Ah, so you've discussed me
50%
Line 20 Angelica! (work!)
50%
Line 39 Burr, you disgust me
50%
Line 36 But your perfume smeels like your daddy's got money
50%
Line 35 Excuse me, miss, I know it's not funny
50%
Line 41 I'm a trust fund, baby, you can trust me
50%
Line 42 I've been reading "Common Sense" by Thomas Paine
50%
Line 19 The revolution's happenin' in New York (New York)
50%
Line 12 The Schuyler Sisters!
50%
Line 37 Why you slummin' in the city in your fancy heels?
50%
Line 38 You searchin' for an urchin who can give you ideals?
50%
Line 44 You want a revolution, I want a revelation
50%
Line 48 And when I meet Thomas Jefferson
44%
Line 28 Eliza, I'm looking for a mind at work (work)
44%
Line 49 I'ma compel him to include women in the sequel (work!)
44%
Line 29 I'm looking for a mind at work (work) [1]
44%
Line 30 I'm looking for a mind at work (work) [2]
44%
Line 21 it's bad enough Daddy wants to go to war
44%
Line 23 It's bad enough there'll be violence on our shore
44%
Line 25 Look around, look around [1]
44%
Line 24 New ideas in the air
44%
Line 22 People shouting in the square
44%
Line 27 She's lookin' for me!
44%
Line 34 Someone in a rush next to someone lookin' pretty
44%
Line 47 That all men are created equal"
44%
Line 59 You want a revolution? I want a revelation (look around, look around, New York)
44%
Line 26 Angelica, remind me what we're looking for
38%
Line 57 Cause I've been reading "Common Sense" by Thomas Paine (look around, look around)
38%
Line 45 So, listen to my declaration
38%
Line 60 So, listen to my declaration (it's happening)
38%
Line 43 So, men say that I'm intense, or I'm insane
38%
Line 58 So, men say that I'm intense, or I'm insane (the revolution's happening in New York)
38%
Line 62 That all men are created equal (at how lucky we are to be alive right now)
38%
Line 61 We hold these truths to be self-evident (Look around, look around)
38%
Line 33 Whoo! There's nothin' like summer in the city
38%
Line 55 And we just happen to be in the greatest city in the world
31%
Line 66 And we just happen to be in the greatest city in the world (in the greatest city)
31%
Line 53 At how lucky we are to be alive right now [2]
31%
Line 54 History is happening in Manhattan [1]
31%
Line 50 Look around, look around [2]
31%
Line 52 Look around, look around [3]
31%
Line 46 "We hold these truths to be self-evident
31%
Line 70 And Peggy! (Work, work) [2]
25%
Line 51 At how lucky we are to be alive right now [1]
25%
Line 56 In the greatest city in the world! [1]
25%
Line 78 In the greatest city in the world! [4]
25%
Line 63 Look around, look around [4]
25%
Line 71 The Schuyler Sisters! (Work, work!)
25%
Line 72 We're looking for a mind at work! (Work, work!)
25%
Line 32 Whoa-ooh, whoa-oh-oh (work!)
25%
Line 68 (Work, work!) Angelica! [2]
25%
Line 69 (Work, work!) Eliza! [2]
25%
Line 64 At how lucky we are to be alive right now [3]
19%
Line 73 Hey! (Work, work!) [1]
19%
Line 65 History is happening in Manhattan [2]
19%
Line 67 In the greatest city in the world! [2]
19%
Line 31 Whoa-ooh, whoa-oh-oh
19%
Line 77 In the greatest city in the world [3]
13%
Line 75 Hey! (Work, work) [2]
6%
Line 76 In the greatest city (work! Work!)
6%
Line 74 Hey! (Work, work! Whoa)!
0%
No matching quizzes found
Score Distribution
Percent of People with Each Score
Percentile by Number Answered
Your Score History
You have not taken this quiz